Pays membres de l'Union Latine - Statistiques

Statistiques générales
  • Ce quiz a été pris 123 fois
  • Le résultat moyen est 27 sur 37
Statistiques - réponses
Date d'entrée Langue Pays % Correct
12 Janvier 1972 Portugais Brésil
95%
12 Janvier 1972 Portugais Portugal
95%
12 Janvier 1972 Français France
94%
12 Janvier 1972 Espagnol Espagne
92%
26 novembre 1990 Espagnol Chili
90%
6 juillet 1995 Espagnol Colombie
88%
12 Janvier 1972 Italien Italie
88%
28 janvier 1985 Espagnol Uruguay
88%
12 Janvier 1972 Espagnol Paraguay
87%
1er mars 1990 Espagnol Venezuela
87%
12 mars 1985 Espagnol Bolivie
83%
12 Janvier 1972 Espagnol Pérou
83%
12 Janvier 1972 Espagnol Équateur
82%
19 juillet 1988 Espagnol Cuba
80%
10 juillet 1995 Espagnol Panama
80%
8 juillet 1996 Espagnol Costa Rica
79%
14 juin 1984 Espagnol Guatemala
78%
25 février 1980 Roumain Roumanie
78%
12 Janvier 1972 Espagnol Honduras
76%
18 mai 1973 Espagnol Nicaragua
76%
14 septembre 2006 Espagnol Salvador
75%
21 novembre 2004 Espagnol Andorre
73%
5 mai 2001 Français Belgique
72%
21 février 1985 Italien Saint-Marin
68%
14 juin 1984 Français Monaco
67%
12 Janvier 1972 Français Haïti
63%
12 Janvier 1972 Espagnol République Dominicaine
62%
19 février 1997 Portugais Angola
59%
16 octobre 1992 Roumain Moldavie
59%
22 juin 1999 Français Sénégal
59%
16 octobre 1992 Portugais Cap-Vert
57%
15 décembre 1999 Français Côte d'Ivoire
55%
8 novembre 1990 Portugais Guinée-Bissau
55%
16 octobre 1992 Portugais Sao Tomé-et-Principe
55%
9 mai 1994 Portugais Mozambique
53%
19 septembre 1985 Espagnol Philippines
38%
19 novembre 2004 Portugais Timor Orientale
11%
Aucun quiz correspondant
Distribution des résultats
% des personnes avec chaque résultat
Percentile par nombre de réponses
Votre historique - résultats
Vous n’avez pas pris ce quiz